Strzelcy bramek w 11 kolejce Premier League w sezonie 20/21. - Statystyki

Ogólne statystyki
  • Ten quiz został rozwiązany 16 razy
    7 od ostatniego zresetowania
  • Średni wynik to 21 z 32
Statystyki odpowiedzi
Mecz Piłkarz % Poprawnych
Tottenham - Arsenal 2:0 Kane
100%
Liverpool - Wolves 1:0 Salah
100%
Tottenham - Arsenal 1:0 Son
100%
Manchester City - Fulham 1:0 Sterling
100%
Sheffield Utd - Leicester 1:2 Vardy
100%
West Brom - Crystal Palace 1:2 Zaha
100%
West Brom - Crystal Palace 1:4 Zaha
100%
Manchester City - Fulham 2:0 De Bruyne
86%
West Ham - Manchester United 1:2 Greenwood
86%
Brighton - Southampton 1:2 Ings
86%
West Ham - Manchester United 1:3 Rashford
86%
Chelsea - Leeds 0:1 Bamford
71%
Burnley - Everton 1:1 Calvert-Lewin
71%
West Ham - Manchester United 1:1 Pogba
71%
Chelsea - Leeds 3:1 Pulisic
71%
West Ham - Manchester United 1:0 Soucek
71%
Aston Villa - Newcastle 2:0 Traore
71%
Aston Villa - Newcastle 1:0 Watkins
71%
Chelsea - Leeds 1:1 Giroud
57%
Liverpool - Wolves 4:0 (bramka samobójcza) Semedo
57%
West Brom - Crystal Palace 1:3 Benteke
43%
West Brom - Crystal Palace 1:5 Benteke
43%
Liverpool - Wolves 3:0 Matip
43%
Sheffield Utd - Leicester 0:1 Perez
43%
Liverpool - Wolves 2:0 Wijnaldum
43%
Chelsea - Leeds 2:1 Zouma
43%
West Brom - Crystal Palace 1:1 Callagher
29%
Brighton - Southampton 1:0 Gross
29%
Sheffield Utd - Leicester 1:1 McBurnie
29%
Brighton - Southampton 1:1 Vestergaard
29%
Burnley - Everton 1:0 Brady
14%
West Brom - Crystal Palace 0:1 (bramka samobójcza) Furlong
14%
Nie znaleziono quizów pasujących do podanych kryteriów
Rozkład punktacji
Procent ludzi z każdym wynikiem
Percentyl według liczby udzielonych odpowiedzi
Twoja historia wyników
Nie rozwiązałeś tego quizu od ostatniego zresetowania